000 00793nam a22002897a 4500
001 BR9800753
003 BR-BrBNA
005 20230928095820.0
007 ta
008 230509b bl.||||| |||| 00| 0 por d
040 _aBR-BrBNA
_bpor
_cBiblioteca Nacional de Agricultura
041 _a(Por)
072 _aF61; F04
_b2120
090 _ 2120 BR9800753
100 1 _aMalavolta, E.
110 1 _aCompanhia Paulista de Fertilizantes, Sao Paulo, SP (Brasil)
_92488
245 1 _aNutricao, adubacao e calegem do cafeeiro
260 3 _aSao Paulo, SP (Brasil):
_c[nd].
300 _a42 p.
500 _a6 ref.; 31 illus.; 15 tables
650 _aCafe
650 _aNutricao Vegetal
650 _aAdubacao
650 _aCalagem
909 _a202309
_bLucia
_c55
_dLucia Elande
942 _cBK
999 _c58810
_d58810